000 00453nam a2200181Ia 4500
003 LK-CoDNM
005 20241211145918.0
008 010623t1989 xxu||||| |||| 00| 1 eng d
040 _aLK-CoDNM
_dLK-CoDNM
_eLK-CoDNM
041 _aeng
080 _a8 c.07
_bRAN
100 _aRanawake, Edwin
245 _aSpoken sinhalese for foreigners
260 _bM.D.Gunasena
_aColombo
_c1989
300 _b81P. ; 18.5 cm
650 _aGrammer
942 _cBK
999 _c114270
_d114270